Hướng dẫn giải toán theo chuyên đề tích phân : Luyện thi cao đẳng & đại học bồi dưỡng học sinh giỏi

Gardado en:
Detalles Bibliográficos
Autor Principal: Phạm, An Hòa
Formato: Libro
Idioma:Undetermined
Publicado: Thành phố Hồ Chí Minh Đại học Quốc gia Thành phố Hồ Chí Minh 2004
Những chủ đề:
Các nhãn: Engadir etiqueta
Sen Etiquetas, Sexa o primeiro en etiquetar este rexistro!
Thư viện lưu trữ: Trung tâm Học liệu Trường Đại học Cần Thơ
LEADER 00686nam a2200193Ia 4500
001 CTU_94509
008 210402s9999 xx 000 0 und d
082 |a 515.43 
082 |b H401 
100 |a Phạm, An Hòa 
245 0 |a Hướng dẫn giải toán theo chuyên đề tích phân : 
245 0 |b Luyện thi cao đẳng & đại học bồi dưỡng học sinh giỏi 
245 0 |c Phạm An Hòa 
260 |a Thành phố Hồ Chí Minh 
260 |b Đại học Quốc gia Thành phố Hồ Chí Minh 
260 |c 2004 
650 |a Calculus, integral 
904 |i Tuyến 
980 |a Trung tâm Học liệu Trường Đại học Cần Thơ